Nānā Sāhaba. (Record no. 72910)

MARC details
000 -LEADER
fixed length control field 00785cam a22002531 4500
001 - CONTROL NUMBER
control field sa 67001889
003 - CONTROL NUMBER IDENTIFIER
control field DLC
005 - DATE AND TIME OF LATEST TRANSACTION
control field 20260227112326.0
008 - FIXED-LENGTH DATA ELEMENTS--GENERAL INFORMATION
fixed length control field 870305s1962 ii ac b 000 0bhin
010 ## - LIBRARY OF CONGRESS CONTROL NUMBER
LC control number sa 67001889
035 ## - SYSTEM CONTROL NUMBER
System control number (OCoLC)15276031
040 ## - CATALOGING SOURCE
Original cataloging agency DLC
Transcribing agency NRU
Modifying agency NRU
-- DLC
042 ## - AUTHENTICATION CODE
Authentication code premarc
043 ## - GEOGRAPHIC AREA CODE
Geographic area code a-ii---
050 00 - LIBRARY OF CONGRESS CALL NUMBER
Classification number DS478
Item number .J48
100 1# - MAIN ENTRY--PERSONAL NAME
Personal name Jha, Kamal Narain,
Dates associated with a name 1909-
245 10 - TITLE STATEMENT
Title Nānā Sāhaba.
Statement of responsibility, etc. [Lekhaka] Kamalanārāyaṇa Jha 'Kamlesa'. Prakkathana-lekhaka SriGaṅgananda Siṅgha.
260 ## - PUBLICATION, DISTRIBUTION, ETC.
Place of publication, distribution, etc. Patanā,
Name of publisher, distributor, etc. Jñānapitha
Date of publication, distribution, etc. [1962]
300 ## - PHYSICAL DESCRIPTION
Extent 18, 135, iv p.
Other physical details illus., ports.
Dimensions 19 cm.
500 ## - GENERAL NOTE
General note In Hindi.
504 ## - BIBLIOGRAPHY, ETC. NOTE
Bibliography, etc. note Bibliography: p. [i]-iv.
600 00 - SUBJECT ADDED ENTRY--PERSONAL NAME
Personal name Nana Sahib,
Dates associated with a name 1820?-1859?
651 #0 - SUBJECT ADDED ENTRY--GEOGRAPHIC NAME
Geographic name India
General subdivision History
Chronological subdivision Sepoy Rebellion, 1857-1858.

No items available.

Powered by Koha